[Event "NVM U16 2015"]
[Site "Kiel"]
[Date "2015.09.11"]
[Round "3.2"]
[White "Gröbel, Aaron"]
[Black "Karlisch, Moritz"]
[Result "1-0"]
[WhiteElo "1843"]
[BlackElo "1767"]
[PlyCount "43"]
[EventDate "2015.??.??"]
[WhiteTeam "USV Volksbank Halle"]
[BlackTeam "SK Doppelbauer Kiel"]

1. e4 c5 2. Nf3 d6 3. d4 cxd4 4. Nxd4 Nf6 5. Nc3 a6 6. Bc4 e6 7. Bb3 Nbd7 8.
O-O Nc5 9. Qe2 Nxb3 10. axb3 Be7 11. Be3 O-O 12. f4 Qc7 13. g4 Rb8 14. g5 Ne8
15. f5 e5 16. Nd5 Qd8 17. f6 gxf6 18. gxf6 Nxf6 19. Nxe7+ Qxe7 20. Bg5 exd4 21.
Bxf6 Qe6 22. Rf5 1-0

[Event "NVM U16 2015"]
[Site "Kiel"]
[Date "2015.09.11"]
[Round "3.3"]
[White "Behringer, Tom"]
[Black "Perekhozhuk, Maksym"]
[Result "1/2-1/2"]
[WhiteElo "1628"]
[BlackElo "1783"]
[PlyCount "77"]
[EventDate "2015.??.??"]
[WhiteTeam "SK Doppelbauer Kiel"]
[BlackTeam "USV Volksbank Halle"]

1. d4 Nf6 2. c4 c5 3. d5 b5 4. cxb5 a6 5. bxa6 Bxa6 6. Nc3 g6 7. e4 Bxf1 8.
Kxf1 d6 9. Nf3 Bg7 10. g3 O-O 11. Kg2 Nbd7 12. a4 Ra6 13. Qe2 Qa8 14. Bd2 Rb8
15. Rhb1 Ne8 16. b3 Nc7 17. Qd3 Rab6 18. Ra3 Na6 19. Na2 Ne5 20. Nxe5 Bxe5 21.
f4 Bg7 22. Qc4 Rc8 23. Bc3 Rb4 24. Qd3 Bxc3 25. Nxc3 Rd4 26. Qf3 Nb4 27. Nb5
Rd2+ 28. Kh3 Nc2 29. Rb2 Nxa3 30. Rxd2 Nxb5 31. axb5 Qa5 32. Rf2 Qxb5 33. f5
Rf8 34. f6 exf6 35. Qxf6 Qd7+ 36. Kg2 Rb8 37. Rf3 Ra8 38. Rf2 Ra3 39. Rf3
1/2-1/2

[Event "NVM U16 2015"]
[Site "Kiel"]
[Date "2015.09.11"]
[Round "3.4"]
[White "Kretzschmar, Arnd"]
[Black "Arndt, Magnus"]
[Result "0-1"]
[WhiteElo "1881"]
[BlackElo "1744"]
[PlyCount "102"]
[EventDate "2015.??.??"]
[WhiteTeam "USV Volksbank Halle"]
[BlackTeam "SK Doppelbauer Kiel"]

1. d4 Nf6 2. c4 e6 3. Nf3 b6 4. Nc3 Bb4 5. Qb3 c5 6. Bg5 h6 7. Bh4 Nc6 8. e3 g5
9. Bg3 Ne4 10. d5 Na5 11. Qc2 Nxg3 12. hxg3 Qf6 13. Rc1 Bb7 14. Qd3 O-O-O 15.
a3 Bxc3+ 16. Rxc3 Ba6 17. Qc2 exd5 18. cxd5 Bxf1 19. Kxf1 Kb8 20. Ke2 Nb7 21.
b4 cxb4 22. axb4 Rc8 23. Rc1 Nd6 24. Nd4 Rxc3 25. Qxc3 Ka8 26. Nf3 Qxc3 27.
Rxc3 Nb5 28. Rc4 Re8 29. Kd3 Kb7 30. Nh2 Re5 31. e4 f5 32. f3 h5 33. Nf1 fxe4+
34. fxe4 Nd6 35. Rd4 g4 36. Ne3 b5 37. Nd1 a5 38. bxa5 Ka6 39. Nb2 Kxa5 40. Ke3
Nf5+ 41. Kf4 Nxd4 42. Kxe5 Ne2 43. Kd6 Nxg3 44. e5 h4 45. Kxd7 h3 46. gxh3 gxh3
47. e6 h2 48. e7 Nh5 49. Ke6 h1=Q 50. d6 Qc6 51. Kf7 Qxd6 0-1

[Event "NVM U16 2015"]
[Site "Kiel"]
[Date "2015.09.11"]
[Round "3.1"]
[White "Killgus, Leonard"]
[Black "Rätzke von Stoyentin, Steffen"]
[Result "0-1"]
[WhiteElo "1889"]
[BlackElo "1983"]
[PlyCount "96"]
[EventDate "2015.??.??"]
[WhiteTeam "SK Johanneum Eppendorf"]
[BlackTeam "SC Aurich"]

1. e4 e5 2. Nf3 Nc6 3. Bb5 a6 4. Ba4 Nf6 5. O-O b5 6. Bb3 Be7 7. Re1 d6 8. c3
O-O 9. h3 Nb8 10. d4 Nbd7 11. Bc2 Bb7 12. Nbd2 Re8 13. b3 Bf8 14. d5 c6 15. c4
cxd5 16. cxd5 Nh5 17. Nf1 Nf4 18. g3 Qf6 19. gxf4 exf4 20. Rb1 Ne5 21. Bb2 Bc8
22. Nxe5 dxe5 23. Qf3 Qh4 24. Bd1 Bb4 25. Qh5 Qxh5 26. Bxh5 Bxe1 27. Rxe1 Bxh3
28. Kh2 Bd7 29. Rc1 Rac8 30. Rxc8 Rxc8 31. Bd1 f6 32. Nd2 a5 33. a3 g5 34. b4
a4 35. Nb1 Rc4 36. Nd2 Rc8 37. Nb1 g4 38. Nc3 h5 39. Be2 h4 40. Bd3 g3+ 41. Kg1
Bg4 42. Bxb5 h3 43. fxg3 fxg3 44. Bf1 Kf7 45. Bg2 Rg8 46. Nxa4 hxg2 47. Kxg2
Bf3+ 48. Kg1 Rh8 0-1

[Event "NVM U16 2015"]
[Site "Kiel"]
[Date "2015.09.11"]
[Round "3.2"]
[White "Neumann, Tiemon"]
[Black "Keyser, Robin"]
[Result "1-0"]
[WhiteElo "1720"]
[BlackElo "1722"]
[PlyCount "59"]
[EventDate "2015.??.??"]
[WhiteTeam "SC Aurich"]
[BlackTeam "SK Johanneum Eppendorf"]

1. d4 Nf6 2. Nf3 e6 3. e3 b6 4. Bd3 Bb7 5. O-O d6 6. Qe2 Ne4 7. Nbd2 f5 8. b3
Nd7 9. Bb2 Be7 10. d5 Bxd5 11. c4 Nxd2 12. Nxd2 Bb7 13. Bxg7 Bf6 14. Bxh8 Bxh8
15. Rad1 Qg5 16. e4 f4 17. Nf3 Qh6 18. e5 Nxe5 19. Be4 Bxe4 20. Qxe4 O-O-O 21.
Rfe1 Nxf3+ 22. Qxf3 Kb8 23. Re4 Rf8 24. b4 Rf5 25. c5 d5 26. c6 Kc8 27. Qe2 f3
28. Rxe6 Bf6 29. Re8+ Bd8 30. Qa6+ 1-0

[Event "NVM U16 2015"]
[Site "Kiel"]
[Date "2015.09.11"]
[Round "3.3"]
[White "Keyser, Philipp"]
[Black "Henning, Yannick"]
[Result "1/2-1/2"]
[WhiteElo "1795"]
[BlackElo "1562"]
[PlyCount "44"]
[EventDate "2015.??.??"]
[WhiteTeam "SK Johanneum Eppendorf"]
[BlackTeam "SC Aurich"]

1. e4 c5 2. Nf3 Nc6 3. d4 cxd4 4. Nxd4 g6 5. c4 Nf6 6. Nc3 d6 7. Be2 Nxd4 8.
Qxd4 Bg7 9. Be3 O-O 10. Qd2 Be6 11. O-O Qa5 12. f3 Rfc8 13. b3 a6 14. Rac1 b5
15. Nd5 Qxd2 16. Bxd2 Bxd5 17. cxd5 Nd7 18. Be3 Nc5 19. Rc2 b4 20. Rfc1 Bc3 21.
Kf1 a5 22. Bxc5 Rxc5 1/2-1/2

[Event "NVM U16 2015"]
[Site "Kiel"]
[Date "2015.09.11"]
[Round "3.4"]
[White "Kittelberger, Mattis"]
[Black "Lattke, Lorin"]
[Result "1-0"]
[WhiteElo "1615"]
[BlackElo "1125"]
[PlyCount "41"]
[EventDate "2015.??.??"]
[WhiteTeam "SC Aurich"]
[BlackTeam "SK Johanneum Eppendorf"]

1. e4 e5 2. Nf3 Nc6 3. Bb5 a6 4. Ba4 Nf6 5. O-O b5 6. Bb3 Be7 7. Re1 O-O 8. h3
Bd6 9. c3 Bb7 10. d4 h6 11. Nbd2 Re8 12. Nf1 Bf8 13. Ng3 d5 14. exd5 Nxd5 15.
Nxe5 Nxe5 16. dxe5 Nb6 17. Qg4 g6 18. Qxg6+ Kh8 19. Bxf7 Bg7 20. Nh5 Rg8 21.
Nf6 1-0

[Event "NVM U16 2015"]
[Site "Kiel"]
[Date "2015.09.11"]
[Round "3.1"]
[White "Uksini, Bardhyl"]
[Black "Böhning, Kilian"]
[Result "1-0"]
[WhiteElo "2218"]
[BlackElo "2016"]
[PlyCount "61"]
[EventDate "2015.??.??"]
[WhiteTeam "Hamburger SK von 1830 eV"]
[BlackTeam "Hagener SV"]

1. d4 f5 2. c4 g6 3. Nc3 Nf6 4. h4 Bg7 5. h5 Nxh5 6. e4 Nc6 7. exf5 Nxd4 8. g4
d6 9. gxh5 Bxf5 10. Bd3 e6 11. hxg6 hxg6 12. Rxh8+ Bxh8 13. Bxf5 exf5 14. Be3
Qe7 15. Nd5 Qe4 16. Nxc7+ Kf8 17. Nxa8 Nc2+ 18. Kf1 Nxa1 19. Qxd6+ Kf7 20. Qd7+
Kg8 21. Qd5+ Qxd5 22. cxd5 Nc2 23. Bxa7 Bxb2 24. Bc5 Kf7 25. Nc7 Be5 26. Nb5 b6
27. Nf3 Bf4 28. Bxb6 Nb4 29. d6 Ke6 30. Nfd4+ Kd7 31. a4 1-0

[Event "NVM U16 2015"]
[Site "Kiel"]
[Date "2015.09.11"]
[Round "3.2"]
[White "Balazs, Balint"]
[Black "Rogozenco, Teodora"]
[Result "1-0"]
[WhiteElo "1894"]
[BlackElo "2057"]
[PlyCount "43"]
[EventDate "2015.??.??"]
[WhiteTeam "Hagener SV"]
[BlackTeam "Hamburger SK von 1830 eV"]

1. d4 Nf6 2. Nf3 d6 3. Nc3 Nbd7 4. e4 e5 5. Bc4 Be7 6. Bxf7+ Kxf7 7. Ng5+ Kg8
8. Ne6 Qe8 9. Nxc7 Qg6 10. O-O Rb8 11. dxe5 Nxe5 12. f4 Bg4 13. N7d5 Nxd5 14.
Qxd5+ Nf7 15. f5 Qh5 16. Bf4 h6 17. Qe6 Qh4 18. Nd5 Kh7 19. Nxe7 Rhe8 20. Qxf7
Rxe7 21. Qg6+ Kh8 22. Bxd6 1-0

[Event "NVM U16 2015"]
[Site "Kiel"]
[Date "2015.09.11"]
[Round "3.3"]
[White "Wolfram, Tom"]
[Black "Laubrock, Paul"]
[Result "0-1"]
[WhiteElo "1626"]
[BlackElo "1866"]
[PlyCount "118"]
[EventDate "2015.??.??"]
[WhiteTeam "Hamburger SK von 1830 eV"]
[BlackTeam "Hagener SV"]

1. e4 c5 2. Nf3 Nc6 3. d4 cxd4 4. Nxd4 e6 5. Nc3 Nf6 6. Ndb5 Bb4 7. a3 Bxc3+ 8.
Nxc3 d5 9. Bd3 d4 10. Ne2 e5 11. O-O O-O 12. f4 exf4 13. Bxf4 Ng4 14. h3 Nge5
15. Ng3 Re8 16. Qe2 Nxd3 17. Qxd3 Ne5 18. Bxe5 Rxe5 19. Rad1 Qg5 20. Kh2 Bd7
21. Qxd4 Bc6 22. Rf5 Rxf5 23. Nxf5 Re8 24. Nd6 Rd8 25. g3 Qg6 26. Qe5 h6 27.
Nf5 Rxd1 28. Ne7+ Kh7 29. Nxg6 fxg6 30. Kg2 Rd2+ 31. Kf3 Rxc2 32. h4 h5 33. Qd4
a6 34. Kf4 Re2 35. e5 Re1 36. Qd3 Bb5 37. Qd6 Rf1+ 38. Ke3 Re1+ 39. Kd2 Re2+
40. Kc3 Re3+ 41. Kb4 Rxg3 42. Ka5 Bc6 43. e6 Rb3 44. a4 Rxb2 45. Qe5 Ra2 46. e7
Rxa4+ 47. Kb6 Rb4+ 48. Ka7 Rxh4 49. e8=Q Bxe8 50. Qxe8 Rg4 51. Qe2 a5 52. Kxb7
a4 53. Qf3 Rb4+ 54. Kc6 Rb3 55. Qd5 Rc3+ 56. Kb5 a3 57. Qd4 Rg3 58. Qe5 a2 59.
Qb2 Rb3+ 0-1

[Event "NVM U16 2015"]
[Site "Kiel"]
[Date "2015.09.11"]
[Round "3.4"]
[White "Hoppe, Andreas"]
[Black "Foo, Tzun Hong"]
[Result "1/2-1/2"]
[WhiteElo "1847"]
[BlackElo "1594"]
[PlyCount "80"]
[EventDate "2015.??.??"]
[WhiteTeam "Hagener SV"]
[BlackTeam "Hamburger SK von 1830 eV"]

1. e4 c5 2. Nf3 Nc6 3. d4 cxd4 4. Nxd4 e5 5. Nb5 d6 6. N1c3 a6 7. Na3 b5 8. Nd5
Nge7 9. Bg5 h6 10. Bh4 Qa5+ 11. c3 Nxd5 12. Qxd5 Bb7 13. Be2 Qc7 14. Qd2 Be7
15. Bxe7 Qxe7 16. Rd1 Rd8 17. O-O O-O 18. c4 b4 19. Nc2 a5 20. Ne3 Nd4 21. f3
Qg5 22. Nc2 Nxe2+ 23. Qxe2 f5 24. exf5 Qxf5 25. Ne3 Qg5 26. Nd5 Bxd5 27. Rxd5
a4 28. Rfd1 Qe7 29. Qd2 Qa7+ 30. Kh1 b3 31. axb3 axb3 32. Rxd6 Rxd6 33. Qxd6
Qe3 34. Qd5+ Kh8 35. c5 Rf4 36. h3 Rd4 37. Rxd4 exd4 38. c6 Qc1+ 39. Kh2 Qf4+
40. Kh1 Qc1+ 1/2-1/2

[Event "NVM U16 2015"]
[Site "Kiel"]
[Date "2015.09.11"]
[Round "3.1"]
[White "Scheinhütte, Jakob"]
[Black "Tiedemann, Fin Niklas"]
[Result "1-0"]
[WhiteElo "1884"]
[BlackElo "1798"]
[PlyCount "109"]
[EventDate "2015.??.??"]
[WhiteTeam "SV Empor Berlin e.V."]
[BlackTeam "Lübecker SV von 1873"]

1. e4 e5 2. Nf3 Nc6 3. Bb5 a6 4. Ba4 Nf6 5. O-O Be7 6. Re1 b5 7. Bb3 O-O 8. h3
d6 9. c3 Nb8 10. d4 Nbd7 11. Nbd2 Bb7 12. a4 c6 13. Nf1 Re8 14. Ng3 g6 15. Ng5
Rf8 16. f4 Ne8 17. Nf3 Bf6 18. Be3 Ng7 19. Qd2 Qe7 20. Rad1 Rad8 21. Qf2 Ne6
22. f5 Ng7 23. Nh2 Bh4 24. fxg6 hxg6 25. Nf3 Bf6 26. Nf1 c5 27. d5 c4 28. Bc2
Rc8 29. axb5 axb5 30. N1h2 Ne8 31. Rf1 Nc5 32. Ng4 Bg7 33. Qg3 Rc7 34. Ng5 Nf6
35. Nxf6+ Bxf6 36. Qh4 Bxg5 37. Bxg5 f6 38. Rxf6 Rxf6 39. Bxf6 Qh7 40. Qg4 Rf7
41. Rf1 Qh5 42. Qxh5 gxh5 43. Bd8 Rxf1+ 44. Kxf1 Kf7 45. Kf2 Bc8 46. Kg3 Kg6
47. Bc7 h4+ 48. Kxh4 Nd3 49. Bxd6 Ne1 50. Bd1 Nxg2+ 51. Kg3 Ne3 52. Be2 Kf6 53.
Kf2 Nc2 54. Bg4 Bb7 55. Bd7 1-0

[Event "NVM U16 2015"]
[Site "Kiel"]
[Date "2015.09.11"]
[Round "3.2"]
[White "Dörp, Max Marian"]
[Black "Feyer, Leon"]
[Result "1/2-1/2"]
[WhiteElo "1620"]
[BlackElo "1729"]
[PlyCount "72"]
[EventDate "2015.??.??"]
[WhiteTeam "Lübecker SV von 1873"]
[BlackTeam "SV Empor Berlin e.V."]

1. e4 e5 2. Nf3 Nc6 3. Bc4 Bc5 4. c3 Nf6 5. d3 a6 6. Bb3 d6 7. Nbd2 O-O 8. O-O
Bg4 9. Re1 Re8 10. Nf1 h6 11. Ng3 Qd7 12. h3 Be6 13. Bc2 d5 14. Nxe5 Nxe5 15.
d4 Bd6 16. dxe5 Bxe5 17. exd5 Bxd5 18. Bb3 Bc6 19. Be3 Rad8 20. Ne2 Qf5 21. Nd4
Qe4 22. Qf3 Qxf3 23. Nxf3 Bxf3 24. gxf3 Nd5 25. Red1 Nxe3 26. fxe3 Bd6 27. Kf2
Re5 28. f4 Re7 29. Kf3 Rde8 30. Re1 g6 31. Rad1 Kg7 32. e4 f6 33. h4 h5 34. Bc2
Kh6 35. Rg1 Rg7 36. Rd5 Rf8 1/2-1/2

[Event "NVM U16 2015"]
[Site "Kiel"]
[Date "2015.09.11"]
[Round "3.3"]
[White "Denkert, Anna"]
[Black "Kroschel, Anton"]
[Result "1/2-1/2"]
[WhiteElo "1690"]
[BlackElo "1494"]
[PlyCount "97"]
[EventDate "2015.??.??"]
[WhiteTeam "SV Empor Berlin e.V."]
[BlackTeam "Lübecker SV von 1873"]

1. e4 c5 2. Nc3 e6 3. g3 a6 4. Bg2 Qc7 5. d3 Nf6 6. f4 d6 7. Nf3 Nc6 8. O-O Be7
9. h3 O-O 10. g4 Rb8 11. f5 exf5 12. exf5 h6 13. Ne4 d5 14. Nxf6+ Bxf6 15. g5
hxg5 16. Nxg5 Qe5 17. Qg4 Qd4+ 18. Kh1 Qxg4 19. hxg4 Nb4 20. Bf4 Ra8 21. Bf3
Rd8 22. Nh3 b5 23. c4 Bb7 24. Rad1 Bxb2 25. a3 Bxa3 26. Rd2 Nc6 27. Bxd5 Bb4
28. Ra2 Rd7 29. g5 Nd4 30. Bxb7 Rxb7 31. cxb5 Rxb5 32. f6 Ra5 33. Rxa5 Bxa5 34.
Bd6 Bb4 35. g6 gxf6 36. Rxf6 Ra7 37. Ng5 fxg6 38. Be5 Re7 39. Rxg6+ Kf8 40. Bd6
a5 41. Bxe7+ Kxe7 42. Ra6 Kd7 43. Kg2 Kc7 44. Nf3 Nc6 45. Ra8 Kb7 46. Rh8 a4
47. Rh1 a3 48. Ra1 Na5 49. Ne5 1/2-1/2

[Event "NVM U16 2015"]
[Site "Kiel"]
[Date "2015.09.11"]
[Round "3.4"]
[White "Nagy, Lukas"]
[Black "Nelk, Gabor"]
[Result "0-1"]
[WhiteElo "1313"]
[BlackElo "1517"]
[PlyCount "110"]
[EventDate "2015.??.??"]
[WhiteTeam "Lübecker SV von 1873"]
[BlackTeam "SV Empor Berlin e.V."]

1. d4 Nf6 2. c4 e6 3. Nf3 Bb4+ 4. Bd2 Bxd2+ 5. Nbxd2 O-O 6. e3 b6 7. Bd3 Bb7 8.
O-O d6 9. Qc2 c5 10. Ne4 h6 11. Nxf6+ Qxf6 12. Be4 Nc6 13. Qd2 Rfd8 14. dxc5
dxc5 15. Qe2 Rd7 16. Rfd1 Rad8 17. b3 Qb2 18. Bc2 Nb4 19. Rxd7 Qxa1+ 20. Qd1
Qxd1+ 21. Rxd1 Rxd1+ 22. Bxd1 Bxf3 23. Bxf3 Nxa2 24. Bc6 Nc1 25. Ba4 Kf8 26.
Kf1 a6 27. Ke1 b5 28. cxb5 axb5 29. Bxb5 Nxb3 30. Kd1 Ke7 31. Kc2 Na5 32. Kd3
Kd6 33. g4 Nc6 34. f4 Nb4+ 35. Kc4 Nc2 36. Kd3 Ne1+ 37. Ke2 Ng2 38. Bc4 Nh4 39.
h3 Ng6 40. Kf3 Ne7 41. e4 f6 42. h4 e5 43. f5 Nc6 44. g5 hxg5 45. hxg5 Na5 46.
gxf6 gxf6 47. Bd3 c4 48. Bc2 Kc5 49. Kg4 Kd6 50. Kf3 Nb3 51. Ke3 Nd4 52. Bd1
Kc5 53. Kd2 Kb4 54. Ke3 Kc3 55. Kf2 Kd2 0-1

[Event "NVM U16 2015"]
[Site "Kiel"]
[Date "2015.09.11"]
[Round "3.1"]
[White "Greßmann, Moritz"]
[Black "Kiesel, Lucas"]
[Result "1-0"]
[WhiteElo "2085"]
[BlackElo "1735"]
[PlyCount "55"]
[EventDate "2015.??.??"]
[WhiteTeam "BSV 63 Chemie Weißensee"]
[BlackTeam "SV Laatzen"]

1. e4 d6 2. d4 Nf6 3. Nc3 g6 4. Nf3 Bg7 5. Be2 O-O 6. O-O c6 7. h3 Qc7 8. Be3
e5 9. Qd2 Nbd7 10. Rfd1 Re8 11. dxe5 dxe5 12. a4 Bf8 13. Bc4 Nc5 14. Bxc5 Bxc5
15. Ng5 Rf8 16. Qe2 Nh5 17. Qd2 Kg7 18. g4 Nf4 19. Ne2 Be7 20. Nxf4 Bxg5 21.
Nh5+ Kh6 22. f4 exf4 23. h4 Bxh4 24. Nxf4 Bg5 25. Qh2+ Kg7 26. Nh5+ gxh5 27.
Qxc7 Bxg4 28. Rf1 1-0

[Event "NVM U16 2015"]
[Site "Kiel"]
[Date "2015.09.11"]
[Round "3.2"]
[White "Korb, Ruben"]
[Black "Fanin, Erik"]
[Result "0-1"]
[WhiteElo "1656"]
[BlackElo "1733"]
[PlyCount "48"]
[EventDate "2015.??.??"]
[WhiteTeam "SV Laatzen"]
[BlackTeam "BSV 63 Chemie Weißensee"]

1. e4 c6 2. Nc3 d5 3. d4 dxe4 4. Nxe4 Nd7 5. Nf3 Ngf6 6. Ng3 e6 7. Bd3 Bd6 8.
c3 O-O 9. Qc2 h6 10. O-O c5 11. a4 b6 12. Ne4 Be7 13. dxc5 Nxc5 14. Nxc5 Bxc5
15. b4 Bd6 16. Be3 Qc7 17. h3 Bb7 18. Nd2 Nd5 19. Nc4 Rac8 20. Bd2 Rfd8 21.
Nxd6 Qxd6 22. Qb2 Nxb4 23. cxb4 Qxd3 24. Be3 Qe4 0-1

[Event "NVM U16 2015"]
[Site "Kiel"]
[Date "2015.09.11"]
[Round "3.3"]
[White "Fege, Julian"]
[Black "Wehrhahn, Duncan"]
[Result "1/2-1/2"]
[WhiteElo "1595"]
[BlackElo "1269"]
[PlyCount "127"]
[EventDate "2015.??.??"]
[WhiteTeam "BSV 63 Chemie Weißensee"]
[BlackTeam "SV Laatzen"]

1. e4 e5 2. Nf3 Nc6 3. Bb5 Nf6 4. O-O Bc5 5. Re1 d6 6. c3 Bb6 7. d3 h6 8. Be3
O-O 9. Nbd2 Bg4 10. Nf1 Ne7 11. h3 Bd7 12. Bc4 Ng6 13. Ng3 c6 14. Qd2 Bxe3 15.
fxe3 Nh7 16. Rf1 Ng5 17. Nxg5 Qxg5 18. Qf2 Be6 19. Bb3 Rae8 20. Kh2 a6 21. Rad1
Bxb3 22. axb3 Re6 23. Qe2 Nh4 24. Nf5 Nxf5 25. Rxf5 Qh4 26. g3 Qd8 27. Rdf1 Qb6
28. b4 c5 29. Qg4 Rg6 30. Qf3 f6 31. Qe2 cxb4 32. cxb4 Qxb4 33. Rc1 Rg5 34.
Rff1 Qb3 35. Rc7 d5 36. exd5 Qxd5 37. e4 Qb5 38. Rfc1 b6 39. g4 a5 40. Qc2 Kh7
41. b3 Rd8 42. Rd1 h5 43. gxh5 Rxh5 44. Qc4 Qxc4 45. Rxc4 Rh4 46. Kg3 Rf4 47.
Kg2 b5 48. Rc5 Rxe4 49. Rxb5 Red4 50. Rxa5 Rxd3 51. Rxd3 Rxd3 52. b4 Rb3 53.
Rb5 Kg6 54. Rb8 Kf5 55. b5 Ke6 56. b6 Kd6 57. Rg8 g5 58. Rf8 Ke7 59. Rb8 f5 60.
b7 Kd7 61. Rf8 Rb2+ 62. Kg1 Rb1+ 63. Kg2 Rb2+ 64. Kg1 1/2-1/2

[Event "NVM U16 2015"]
[Site "Kiel"]
[Date "2015.09.11"]
[Round "3.4"]
[White "Scholz, Tom"]
[Black "Schmidt, Florian Pascal"]
[Result "0-1"]
[WhiteElo "1150"]
[BlackElo "1261"]
[PlyCount "130"]
[EventDate "2015.??.??"]
[WhiteTeam "SV Laatzen"]
[BlackTeam "BSV 63 Chemie Weißensee"]

1. e4 c6 2. Nc3 d5 3. Bd3 dxe4 4. Nxe4 Bf5 5. Nf3 Bxe4 6. Bxe4 Nf6 7. Bd3 Nbd7
8. O-O e6 9. a3 Bd6 10. b3 Qc7 11. Bb2 O-O 12. Qe2 Rad8 13. c4 Ng4 14. g3 Nge5
15. Bc2 Nxf3+ 16. Qxf3 Be5 17. d4 Bf6 18. Rab1 e5 19. Qe4 g6 20. d5 cxd5 21.
cxd5 Bg7 22. Rfd1 Nb6 23. d6 Qc5 24. b4 Qc4 25. Bd3 Qxe4 26. Bxe4 Nc4 27. d7
Nb6 28. Rd3 Rxd7 29. Rxd7 Nxd7 30. Bxb7 f5 31. Bc6 Nb6 32. Re1 e4 33. Bxg7 Kxg7
34. b5 Rd8 35. Rc1 Rd4 36. Kf1 Kf6 37. Ke2 Ke5 38. Rd1 Rxd1 39. Kxd1 Kd4 40.
Kd2 g5 41. Be8 Nc4+ 42. Ke2 Nxa3 43. h4 h6 44. Bd7 f4 45. hxg5 hxg5 46. gxf4
gxf4 47. f3 e3 48. Bh3 Nxb5 49. Bf1 Nc3+ 50. Ke1 a5 51. Ba6 a4 52. Bc8 a3 53.
Be6 e2 54. Kd2 Nb1+ 55. Kxe2 Nc3+ 56. Kf2 a2 57. Bxa2 Nxa2 58. Kg2 Nb4 59. Kh3
Ke3 60. Kg4 Nc2 61. Kh3 Kxf3 62. Kh2 Ke2 63. Kh1 f3 64. Kg1 f2+ 65. Kh2 f1=Q
0-1

[Event "NVM U16 2015"]
[Site "Kiel"]
[Date "2015.09.11"]
[Round "3.1"]
[White "Speck, Jakob"]
[Black "Schmekel, Florian"]
[Result "1-0"]
[WhiteElo "1701"]
[BlackElo "1891"]
[PlyCount "71"]
[EventDate "2015.??.??"]
[WhiteTeam "SK Weisse Dame Hamburg"]
[BlackTeam "SAV Torgelow-Drögeheide 90"]

1. e4 c5 2. Nc3 Nc6 3. f4 e6 4. Nf3 d6 5. Bb5 Nge7 6. O-O a6 7. Bxc6+ Nxc6 8.
d3 g6 9. Qe1 Bg7 10. f5 O-O 11. fxg6 fxg6 12. Qg3 Nd4 13. Bg5 Qb6 14. Rab1
Nxf3+ 15. gxf3 Rf7 16. Bf4 e5 17. Nd5 exf4 18. Nxb6 fxg3 19. Nxa8 Bh3 20. hxg3
Bxf1 21. Rxf1 Bxb2 22. Nb6 Kf8 23. Kg2 Bd4 24. Rb1 Ke8 25. Nc4 Rc7 26. Rb6 Ke7
27. f4 Bc3 28. Kf3 Rd7 29. g4 h5 30. g5 h4 31. Kg4 Be1 32. e5 dxe5 33. Nxe5 Bg3
34. Nxd7 Kxd7 35. Rxb7+ Ke6 36. Rg7 1-0

[Event "NVM U16 2015"]
[Site "Kiel"]
[Date "2015.09.11"]
[Round "3.2"]
[White "Kasel, Alexander"]
[Black "Lam, Daniel"]
[Result "0-1"]
[WhiteElo "1689"]
[BlackElo "1562"]
[PlyCount "92"]
[EventDate "2015.??.??"]
[WhiteTeam "SAV Torgelow-Drögeheide 90"]
[BlackTeam "SK Weisse Dame Hamburg"]

1. c4 e5 2. Nc3 Bb4 3. g3 Bxc3 4. bxc3 d6 5. Bg2 Nc6 6. d4 Nf6 7. Nf3 O-O 8.
O-O e4 9. Ne1 Re8 10. Nc2 Na5 11. Ne3 Bd7 12. Qc2 Bc6 13. Ba3 b6 14. Rab1 Qd7
15. Rb4 Bb7 16. Rfb1 c5 17. R4b2 Rac8 18. Rd1 Qe6 19. Qa4 Bc6 20. Qc2 Nxc4 21.
Nxc4 Qxc4 22. e3 Ba4 23. Rb3 Bxb3 24. axb3 Qe6 25. Bb2 Rcd8 26. c4 Qf5 27. d5
Qg6 28. Ra1 a5 29. Bc3 Ra8 30. Qa2 h5 31. Qa4 Rec8 32. Qb5 Rab8 33. Bh3 Rc7 34.
Rxa5 Ng4 35. Ra6 Qf5 36. Bxg4 Qxg4 37. Rxb6 Qd1+ 38. Kg2 Qf3+ 39. Kg1 Rxb6 40.
Qxb6 Rd7 41. Qb5 Qg4 42. b4 cxb4 43. Bxb4 Kh7 44. Kf1 Ra7 45. Bc3 Ra2 46. Qb1
Qe2+ 0-1

[Event "NVM U16 2015"]
[Site "Kiel"]
[Date "2015.09.11"]
[Round "3.3"]
[White "Popist, Florian"]
[Black "Trömer, Felix"]
[Result "1/2-1/2"]
[WhiteElo "1601"]
[BlackElo "1481"]
[PlyCount "72"]
[EventDate "2015.??.??"]
[WhiteTeam "SK Weisse Dame Hamburg"]
[BlackTeam "SAV Torgelow-Drögeheide 90"]

1. e4 d5 2. exd5 Qxd5 3. Nc3 Qa5 4. d4 c6 5. Bc4 Nf6 6. Bd2 Qc7 7. Qe2 Bf5 8.
O-O-O e6 9. Nf3 Nbd7 10. Ne5 Nxe5 11. dxe5 Nd7 12. g4 Bg6 13. f4 O-O-O 14. h4
h5 15. Rdg1 Be7 16. f5 exf5 17. gxf5 Bxf5 18. Rxg7 Bg4 19. Qh2 Nxe5 20. Bxf7
Nxf7 21. Qxc7+ Kxc7 22. Rxf7 Rd7 23. Bf4+ Kc8 24. Kb1 Rf8 25. Rxf8+ Bxf8 26.
Bg5 Bg7 27. Re1 Bd4 28. Re8+ Kc7 29. Ne4 a6 30. a3 Rf7 31. Re7+ Rxe7 32. Bxe7
Kd7 33. Bg5 Ke6 34. c3 Bf5 35. cxd4 Bxe4+ 36. Ka2 Kd5 1/2-1/2

[Event "NVM U16 2015"]
[Site "Kiel"]
[Date "2015.09.11"]
[Round "3.4"]
[White "Bollnow, Alex"]
[Black "Lam, Marvin"]
[Result "0-1"]
[WhiteElo "1353"]
[BlackElo "1331"]
[PlyCount "92"]
[EventDate "2015.??.??"]
[WhiteTeam "SAV Torgelow-Drögeheide 90"]
[BlackTeam "SK Weisse Dame Hamburg"]

1. e4 e5 2. Nf3 Nc6 3. Bb5 a6 4. Ba4 Nf6 5. O-O Be7 6. Re1 b5 7. Bb3 d6 8. c3
Na5 9. Bc2 c5 10. d4 Qc7 11. h3 O-O 12. Nbd2 Re8 13. Nf1 g6 14. Ng3 Bf8 15. Bg5
Bg7 16. d5 Nc4 17. b3 Na3 18. Qc1 Nxc2 19. Qxc2 Bd7 20. c4 Rec8 21. a4 Qb7 22.
Rab1 Qb6 23. Be3 bxa4 24. bxa4 Qa5 25. Ra1 Rab8 26. Bd2 Qc7 27. a5 Rf8 28. Nh2
Ne8 29. Ra2 f5 30. f4 exf4 31. Bxf4 fxe4 32. Qxe4 Nf6 33. Qe3 Rbe8 34. Qd2
Rxe1+ 35. Qxe1 Nxd5 36. Bxd6 Qxd6 37. cxd5 Qxd5 38. Qd2 Bd4+ 39. Kh1 Bxh3 40.
Nhf1 Qc6 41. Qc1 Be5 42. Qc4+ Be6 43. Qe2 Bc3 44. Rc2 Bxa5 45. Ne3 Re8 46. Rb2
Bd5 0-1

[Event "NVM U16 2015"]
[Site "Kiel"]
[Date "2015.09.11"]
[Round "3.1"]
[White "Reyher, Susan"]
[Black "Schumacher, Ole"]
[Result "1/2-1/2"]
[WhiteElo "1562"]
[BlackElo "1673"]
[PlyCount "88"]
[EventDate "2015.??.??"]
[WhiteTeam "SV Glück auf Rüdersdorf e.V."]
[BlackTeam "SF Schwerin"]

1. e4 c5 2. Nf3 d6 3. d4 cxd4 4. Nxd4 Nf6 5. Nc3 a6 6. Bc4 Nbd7 7. Be3 b5 8.
Bd5 Nxd5 9. Nxd5 Bb7 10. f3 e6 11. Nc3 Be7 12. Qd2 Ne5 13. b3 Qc7 14. O-O O-O
15. Nce2 Rac8 16. Rac1 Rfd8 17. Ng3 d5 18. f4 Ng4 19. e5 Nxe3 20. Qxe3 Ba3 21.
Rb1 Bc5 22. Rbc1 Qb6 23. Nge2 b4 24. Kh1 a5 25. Rfd1 Ba6 26. Ng3 Rc7 27. c3
Rdc8 28. h3 bxc3 29. Nh5 Bxd4 30. Rxd4 c2 31. Qg3 g6 32. Nf6+ Kg7 33. Rd2 Rc3
34. Qh4 h6 35. Ng4 Kf8 36. Qxh6+ Ke7 37. Qh4+ Kf8 38. Qh8+ Ke7 39. Qf6+ Ke8 40.
Qh4 Qb4 41. Nf6+ Kf8 42. Nd7+ Ke8 43. Nf6+ Kf8 44. Nd7+ Ke8 1/2-1/2

[Event "NVM U16 2015"]
[Site "Kiel"]
[Date "2015.09.11"]
[Round "3.2"]
[White "Focke, Adrian"]
[Black "Gohlke, Tobias"]
[Result "1-0"]
[WhiteElo "1643"]
[BlackElo "1446"]
[PlyCount "49"]
[EventDate "2015.??.??"]
[WhiteTeam "SF Schwerin"]
[BlackTeam "SV Glück auf Rüdersdorf e.V."]

1. e4 e5 2. Nf3 Nc6 3. d4 exd4 4. Nxd4 Bc5 5. Be3 Qf6 6. c3 Nge7 7. Bc4 O-O 8.
O-O Bb6 9. Na3 d6 10. Re1 Qg6 11. Kh1 Ne5 12. Bb3 Ng4 13. Nc4 Bc5 14. Qf3 Nf6
15. e5 dxe5 16. Nxe5 Qh5 17. Qxh5 Nxh5 18. Nb5 Bxe3 19. Rxe3 c6 20. Nc7 Rb8 21.
Nxf7 Rxf7 22. Rxe7 Bg4 23. Rxf7 Kh8 24. f3 Bc8 25. Rf8# 1-0

[Event "NVM U16 2015"]
[Site "Kiel"]
[Date "2015.09.11"]
[Round "3.3"]
[White "Giese, Patrick"]
[Black "Stuppe, Hannes"]
[Result "0-1"]
[WhiteElo "1569"]
[BlackElo "1415"]
[PlyCount "76"]
[EventDate "2015.??.??"]
[WhiteTeam "SV Glück auf Rüdersdorf e.V."]
[BlackTeam "SF Schwerin"]

1. e4 e6 2. d4 d5 3. exd5 exd5 4. Bd3 Bd6 5. Nf3 Nf6 6. O-O O-O 7. Bg5 h6 8.
Bh4 Be6 9. Nbd2 Nbd7 10. c3 c6 11. Qc2 Qc7 12. Rae1 Rae8 13. Bg3 Re7 14. Bxd6
Qxd6 15. Ne5 Ng4 16. Ndf3 Ngxe5 17. dxe5 Qc7 18. h3 Nc5 19. Bf5 Bxf5 20. Qxf5
Ne4 21. Re2 Rfe8 22. c4 Qb6 23. Rd1 Ng3 24. c5 Nxe2+ 25. Kh2 Qxb2 26. Rd2 Rxe5
27. Nxe5 Qxe5+ 28. Qxe5 Rxe5 29. g3 Nc3 30. Kg2 f6 31. Rc2 Nb5 32. Rb2 Re7 33.
f4 Kf7 34. f5 Nd4 35. Rb4 Nxf5 36. Kf3 Ne3 37. Kf4 Nc4 38. h4 Re4+ 0-1